Edo zakkō /
Saved in:
| Main Author: | |
|---|---|
| Format: | Book |
| Language: | Japanese |
| Published: |
Tōkyō :
Mainichi Shinbunsha,
Shōwa 52 [1977]
|
| Subjects: | |
| Tags: |
Add Tag
No Tags, Be the first to tag this record!
|
| LEADER | 00568cam a2200205Ii 4500 | ||
|---|---|---|---|
| 001 | 007773247-2 | ||
| 005 | 20020606104010.5 | ||
| 008 | 781128s1977 ja a 000 0 jpn | ||
| 010 | |a 77814789 /J | ||
| 015 | |a Ja77-4926 | ||
| 035 | 0 | |a ocm04403232 | |
| 040 | |a DLC |c OSU |d OSU |d OCL |d YNH | ||
| 050 | 0 | 0 | |a DS896.5 |b .K54 |
| 100 | 1 | |a Kishii, Yoshie, |d 1908- | |
| 245 | 1 | 0 | |a Edo zakkō / |c Kishii Yoshie. |
| 260 | |a Tōkyō : |b Mainichi Shinbunsha, |c Shōwa 52 [1977] | ||
| 300 | |a 186 p. : |b ill. ; |c 20 cm. | ||
| 651 | 0 | |a Tokyo (Japan) |x Civilization. | |
| 988 | |a 20020608 | ||
| 906 | |0 DLC | ||


